[Event "Championship Moscow 2019"]
[Site "Moscow]
[Date "2019.04.02"]
[Round "4.4"]
[White "Kanevskaya, Anna"]
[Black "Afanasieva, Alexandra"]
[Result "1/2-1/2"]
[WhiteElo "2136"]
[BlackElo "2093"]
[PlyCount "81"]
[EventDate "2019.??.??"]
[WhiteClock "0:59:37"]
[BlackClock "0:31:19"]

1. d4 Nf6 2. Nf3 e6 3. c4 b6 4. g3 Bb7 5. Bg2 Bb4+ 6. Nbd2 O-O 7. O-O c5 8. a3
Bxd2 9. Qxd2 cxd4 10. Qxd4 Nc6 11. Qf4 d5 12. Rd1 Qe7 13. cxd5 Nxd5 14. Qg5
Rfd8 15. Qxe7 Ncxe7 16. Bd2 Rac8 17. Rac1 Kf8 18. Rxc8 Rxc8 19. Rc1 Rxc1+ 20.
Bxc1 Nf6 21. Ne5 Bxg2 22. Kxg2 Ke8 23. Kf3 Nd7 24. Nc4 Nc6 25. Nd6+ Ke7 26.
Nc8+ Kd8 27. Nd6 Ke7 28. Nc8+ Kd8 29. Nd6 Ke7 30. Nc8+ Kd8 31. Nd6 Ke7 32. Nc8+
Kd8 33. Nd6 Ke7 34. Nc8+ Kd8 35. Nd6 Ke7 36. Nc8+ Kd8 37. Nd6 Ke7 38. Nc8+ Kd8
39. Nd6 Ke7 40. Nc8+ Kd8 41. Ke4 1/2-1/2

[Event "Championship Moscow 2019"]
[Site "Moscow]
[Date "2019.04.02"]
[Round "4.5"]
[White "Mirzoeva, Elmira"]
[Black "Miroshnik, Ekaterina"]
[Result "1-0"]
[WhiteElo "2281"]
[BlackElo "2039"]
[PlyCount "91"]
[EventDate "2019.03.30"]

1. c4 e6 2. Nc3 Nf6 3. e4 d6 4. d4 Nbd7 5. Nf3 e5 6. Be2 Be7 7. O-O c6 8. Qc2
O-O 9. Rd1 Qc7 10. h3 Re8 11. Be3 Nf8 12. b4 Ng6 13. Bf1 Bf8 14. d5 Bd7 15.
Rac1 Rec8 16. Qb3 Qb8 17. a4 b6 18. dxc6 Bxc6 19. Nd2 Qb7 20. Nd5 Nxd5 21. cxd5
Bd7 22. b5 Rxc1 23. Rxc1 f5 24. f3 Be7 25. Rc6 f4 26. Bf2 Kh8 27. Rc2 Nf8 28.
Nc4 Be8 29. Qb4 Qd7 30. Rb2 Rb8 31. a5 Qc7 32. Qa3 Nd7 33. Ra2 Kg8 34. axb6
axb6 35. Qa7 Rb7 36. Qa8 Kf8 37. Kh2 h6 38. Bd3 Kf7 39. Rc2 Nc5 40. Bxc5 bxc5
41. b6 Qb8 42. Qa2 Bb5 43. Nxe5+ dxe5 44. d6+ Kg6 45. Bxb5 Bf6 46. Qe6 1-0

[Event "Championship Moscow 2019"]
[Site "Moscow]
[Date "2019.04.02"]
[Round "4.6"]
[White "Danilova, Rada"]
[Black "Gvanceladze, Anna"]
[Result "0-1"]
[WhiteElo "1930"]
[BlackElo "2264"]
[PlyCount "70"]
[EventDate "2019.03.30"]

1. d4 Nf6 2. c4 d6 3. Nf3 Nbd7 4. Nc3 e5 5. g3 c6 6. Bg2 Be7 7. O-O O-O 8. e4
a6 9. a4 a5 10. h3 Re8 11. Be3 Qc7 12. Re1 Bf8 13. Qc2 g6 14. Rad1 Bg7 15. Kh2
b6 16. b3 Bb7 17. Rd2 Rad8 18. Red1 exd4 19. Nxd4 Nc5 20. Bf4 Qe7 21. f3 Nh5
22. Be3 d5 23. cxd5 cxd5 24. Ndb5 dxe4 25. Rxd8 Rxd8 26. Rxd8+ Qxd8 27. fxe4
Be5 28. Ne2 Qh4 29. Bf2 Nxe4 30. Bxe4 Bxe4 31. Qc4 Qf6 32. Nf4 Bb7 33. Be3 Bxf4
34. Bd4 Bxg3+ 35. Kg1 Qf3 0-1

[Event "Championship Moscow 2019"]
[Site "Moscow]
[Date "2019.04.02"]
[Round "4.7"]
[White "Fominykh, Maria"]
[Black "Kasaeva, Sofiia"]
[Result "1-0"]
[WhiteElo "2259"]
[BlackElo "1960"]
[PlyCount "101"]
[EventDate "2019.03.30"]

1. Nf3 d5 2. g3 Nf6 3. Bg2 c6 4. O-O Bf5 5. b3 e6 6. Bb2 h6 7. d3 Be7 8. Nbd2
O-O 9. Qe1 a5 10. e4 Bh7 11. a3 Na6 12. Qe2 Nc5 13. Ne1 Nfd7 14. f4 Rc8 15. f5
exf5 16. exf5 Bf6 17. d4 Re8 18. Qg4 Na6 19. Nd3 Bg5 20. Qd1 Be3+ 21. Kh1 Qb6
22. Ne5 Nf6 23. Rf3 Bxd2 24. Qxd2 Ne4 25. Qf4 f6 26. Nd3 c5 27. c4 dxc4 28.
bxc4 cxd4 29. Rff1 Nd6 30. Bxd4 Qd8 31. g4 b6 32. Bd5+ Kh8 33. Rac1 Nc7 34. Bf3
b5 35. c5 Nc4 36. Bb7 Rb8 37. Bc6 Re7 38. a4 Nd5 39. Qg3 Nde3 40. Bxe3 Rxe3 41.
Rf3 Rxf3 42. Qxf3 Nd2 43. Qf4 Nb3 44. Re1 Bg8 45. Re8 Qxd3 46. Rxb8 Qd1+ 47.
Kg2 Qe2+ 48. Kh3 Kh7 49. Bxb5 Qc2 50. Rxg8 Qc3+ 51. Qg3 1-0

[Event "Championship Moscow 2019"]
[Site "Moscow]
[Date "2019.04.02"]
[Round "4.8"]
[White "Dumcheva, Julia"]
[Black "Ilyina, Lada"]
[Result "1/2-1/2"]
[WhiteElo "2168"]
[BlackElo "1877"]
[PlyCount "84"]
[EventDate "2019.03.30"]

1. Nf3 Nf6 2. g3 d5 3. d4 Bf5 4. Bg2 e6 5. O-O Bd6 6. c4 c6 7. Nc3 O-O 8. Nd2
Nbd7 9. e4 dxe4 10. Ndxe4 Be7 11. b3 Nxe4 12. Nxe4 Nf6 13. Nc3 Qa5 14. Bd2 Bb4
15. Qc1 Qa3 16. Qxa3 Bxa3 17. Bc1 Bxc1 18. Raxc1 Rad8 19. Rfd1 Rd7 20. Rd2 Rfd8
21. Rcd1 e5 22. d5 cxd5 23. Bxd5 Kf8 24. f3 e4 25. fxe4 Bxe4 26. Nxe4 Nxe4 27.
Rd3 Nf6 28. Be4 Rxd3 29. Rxd3 Rxd3 30. Bxd3 Ke7 31. Be2 Kd6 32. Bf3 b6 33. b4
a5 34. a3 axb4 35. axb4 Nd7 36. Kf2 Ne5 37. Be2 Nc6 38. c5+ bxc5 39. bxc5+ Kxc5
40. Bd3 h6 41. Ke3 Kd5 42. Be2 Ne5 1/2-1/2

[Event "Championship Moscow 2019"]
[Site "Moscow]
[Date "2019.04.02"]
[Round "4.9"]
[White "Zaitseva, Lyudmila"]
[Black "Korchagina, Alena"]
[Result "1-0"]
[WhiteElo "1926"]
[BlackElo "2167"]
[PlyCount "127"]
[EventDate "2019.03.30"]

1. Nf3 g6 2. g3 Bg7 3. Bg2 e5 4. d3 Nc6 5. O-O d6 6. c4 f5 7. Nc3 Nf6 8. Rb1 a5
9. a3 O-O 10. b4 axb4 11. axb4 h6 12. Ne1 Ne7 13. f4 exf4 14. gxf4 Ng4 15. d4
c5 16. e3 Nc6 17. Nc2 Be6 18. Qd3 cxb4 19. Nxb4 Na5 20. Nbd5 Kh7 21. Nb6 Ra6
22. Ncd5 Nf6 23. Bd2 Ne4 24. Be1 Nc6 25. Rb3 Re8 26. Qb1 Na5 27. Rb5 Bxd5 28.
cxd5 Rxb6 29. Rxb6 Nc4 30. Rxb7 Ned2 31. Qa2 Nxf1 32. Qa7 Rg8 33. Bxf1 Nxe3 34.
Bb5 Kh8 35. Rf7 Qb8 36. Rxg7 Qxa7 37. Rxa7 g5 38. fxg5 Rxg5+ 39. Kf2 Nxd5 40.
Bc4 Nf6 41. Kf3 Rg4 42. Be6 Rxd4 43. Bxf5 Nd5 44. Be4 Rd1 45. Bf2 Nf6 46. Bf5
Rd5 47. Bc2 Rd2 48. Bb1 h5 49. h4 Kg8 50. Be3 Rd1 51. Bg6 Ng4 52. Bg5 Rf1+ 53.
Ke2 Rf2+ 54. Ke1 Rb2 55. Bxh5 Ne5 56. Kd1 Rh2 57. Ra8+ Kg7 58. Rd8 Nc4 59. Rd7+
Kf8 60. Bh6+ Kg8 61. Bg6 Rh1+ 62. Kc2 Rh2+ 63. Kc3 Rh3+ 64. Kb4 1-0

[Event "Championship Moscow 2019"]
[Site "Moscow]
[Date "2019.04.02"]
[Round "4.10"]
[White "Nur-Mukhametova, Alisa"]
[Black "Todua, Anastasia"]
[Result "1/2-1/2"]
[WhiteElo "2164"]
[BlackElo "1610"]
[PlyCount "126"]
[EventDate "2019.03.30"]

1. e4 c5 2. Nf3 e6 3. d3 d6 4. g3 Nf6 5. Bg2 Nc6 6. O-O Be7 7. Re1 O-O 8. c3
Qc7 9. d4 cxd4 10. cxd4 Nb4 11. Nc3 Bd7 12. Bf4 Rad8 13. Rc1 Qa5 14. a3 Nc6 15.
d5 Nb8 16. Qd2 e5 17. Be3 Rc8 18. Qe2 b5 19. Bd2 Qb6 20. b4 Rc4 21. Bf1 Rfc8
22. Qe3 Qxe3 23. Rxe3 R4c7 24. Ree1 a6 25. h3 Be8 26. Nh4 g6 27. Bd3 Nbd7 28.
a4 Nb6 29. axb5 axb5 30. f3 Nc4 31. Bxc4 Rxc4 32. Ne2 Bd7 33. Kh2 Bd8 34. Rxc4
Rxc4 35. Rc1 Rxc1 36. Nxc1 Bb6 37. Nb3 Kf8 38. Ng2 Ng8 39. Ne3 h5 40. h4 Ne7
41. Nd1 Ke8 42. Nc3 Nc8 43. Bg5 Kf8 44. f4 Bd4 45. Nxd4 exd4 46. Nb1 Nb6 47.
Bf6 d3 48. Kg2 Nc4 49. Bc3 Bg4 50. Kf2 Bd1 51. Nd2 Nxd2 52. Bxd2 Ke7 53. Ke3
Be2 54. Kd4 f6 55. e5 fxe5+ 56. fxe5 dxe5+ 57. Kxe5 Bg4 58. Kd4 Bf5 59. Kc5 Bd7
60. Bg5+ Ke8 61. Kb6 Kf7 62. Kc7 Ke8 63. Kd6 Bf5 1/2-1/2

[Event "Championship Moscow 2019"]
[Site "Moscow]
[Date "2019.04.02"]
[Round "4.11"]
[White "Strukova, Ksenia"]
[Black "Smirnova, Ekaterina"]
[Result "0-1"]
[WhiteElo "1919"]
[BlackElo "2178"]
[PlyCount "100"]
[EventDate "2019.03.30"]

1. e4 e6 2. d4 d5 3. Nd2 c5 4. exd5 Qxd5 5. Ngf3 cxd4 6. Bc4 Qd6 7. O-O Nf6 8.
Nb3 Nc6 9. Nbxd4 Nxd4 10. Nxd4 a6 11. c3 Qc7 12. Bb3 Bd6 13. h3 O-O 14. Bc2
Bh2+ 15. Kh1 Bf4 16. Bxf4 Qxf4 17. Qf3 Qxf3 18. Nxf3 b5 19. Rfd1 Bb7 20. Ne5
Rfd8 21. Kg1 Kf8 22. f3 Ke7 23. Kf2 g5 24. Rxd8 Rxd8 25. Rd1 Rc8 26. Rd4 h5 27.
a4 Nd5 28. axb5 axb5 29. Be4 Ra8 30. Bxd5 Bxd5 31. h4 f6 32. Nd3 Kd6 33. hxg5
fxg5 34. Nb4 Ra1 35. Rd2 Rb1 36. Nd3 Ke7 37. Nb4 Bc4 38. Ke3 Kf6 39. Nc6 h4 40.
Na5 Bd5 41. Kd4 Ra1 42. b4 Kf5 43. Kc5 g4 44. Rf2 g3 45. Re2 Bxf3 46. gxf3 h3
47. Nb3 Rd1 48. Nd4+ Rxd4 49. cxd4 g2 50. Kxb5 g1=Q 0-1

[Event "Championship Moscow 2019"]
[Site "Moscow]
[Date "2019.04.02"]
[Round "4.12"]
[White "Zakharova, Evgenia"]
[Black "Gorovenko, Darya"]
[Result "1/2-1/2"]
[WhiteElo "1892"]
[BlackElo "2134"]
[PlyCount "106"]
[EventDate "2019.03.30"]

1. d4 Nf6 2. c4 g6 3. Nc3 d5 4. cxd5 Nxd5 5. Na4 Bg7 6. e4 Nb6 7. Be3 O-O 8.
Nf3 Qd6 9. Nc5 N8d7 10. Qc2 e5 11. dxe5 Nxe5 12. Be2 Ng4 13. Bd2 Nd7 14. Nd3
Re8 15. Bf4 Nge5 16. O-O c6 17. Rad1 Qe7 18. Rfe1 Nxf3+ 19. Bxf3 Ne5 20. Nxe5
Bxe5 21. Be3 Be6 22. a3 Qf6 23. Rd2 h5 24. Be2 h4 25. h3 Bf4 26. Bg4 Bxg4 27.
hxg4 Qg5 28. Bxf4 Qxf4 29. f3 Qg3 30. Red1 h3 31. Rd7 Kg7 32. Qc3+ Re5 33. Qd2
b6 34. b4 a5 35. Qa2 Rf8 36. Rf1 axb4 37. axb4 Qxg2+ 38. Qxg2 hxg2 39. Kxg2 Rb5
40. Rc1 Rc8 41. Rd6 c5 42. bxc5 bxc5 43. Rd5 Rb2+ 44. Kg3 c4 45. Kf4 Re2 46.
Rc3 Rb8 47. Rc5 Rb6 48. g5 Rb1 49. R3xc4 Rh1 50. Rc2 Ree1 51. Rg2 Rh3 52. Rc3
Kf8 53. Ke5 Rd1 1/2-1/2

[Event "Championship Moscow 2019"]
[Site "Moscow]
[Date "2019.04.02"]
[Round "4.13"]
[White "Kirchei, Viktoriia"]
[Black "Putinceva, Marina"]
[Result "1-0"]
[WhiteElo "2122"]
[BlackElo "1519"]
[PlyCount "89"]
[EventDate "2019.03.30"]

1. e4 e5 2. Nf3 Nc6 3. Bb5 a6 4. Ba4 d6 5. c3 Bd7 6. O-O g6 7. Re1 Bg7 8. d3
Nf6 9. h3 O-O 10. Be3 Re8 11. Nbd2 h6 12. Bb3 Be6 13. Bxe6 Rxe6 14. Qc2 d5 15.
Nb3 dxe4 16. dxe4 b6 17. Rad1 Rd6 18. Nbd2 Qe7 19. a4 Nh5 20. b4 Nf4 21. Nc4
Rxd1 22. Rxd1 Rd8 23. Rxd8+ Nxd8 24. Qd2 Nb7 25. Ncxe5 Nxh3+ 26. gxh3 Bxe5 27.
Qd5 Bxc3 28. Qxb7 Bxb4 29. Qa8+ Qf8 30. Qxa6 h5 31. Qc4 Bd6 32. e5 Bb4 33. Qxc7
Qa8 34. Ng5 Qd5 35. Bxb6 Qd1+ 36. Kh2 Qb3 37. e6 Bd6+ 38. Qxd6 fxe6 39. Qd8+
Kg7 40. Bd4+ e5 41. Qe7+ Kh6 42. Be3 Qxe3 43. fxe3 e4 44. Qf8+ Kxg5 45. Qf4#
1-0

[Event "Championship Moscow 2019"]
[Site "Moscow]
[Date "2019.04.02"]
[Round "4.14"]
[White "Ivanova, Anastasia S"]
[Black "Seregina, Maria"]
[Result "0-1"]
[WhiteElo "1860"]
[BlackElo "1853"]
[PlyCount "94"]
[EventDate "2019.03.30"]

1. d4 g6 2. c4 Bg7 3. Nc3 c5 4. d5 Bxc3+ 5. bxc3 f5 6. g3 d6 7. Bg2 Qa5 8. Qb3
Nd7 9. Nh3 Nb6 10. Qb5+ Qxb5 11. cxb5 Bd7 12. a4 a6 13. bxa6 Rxa6 14. Rb1 Bxa4
15. Nf4 Nf6 16. Bf1 Ne4 17. e3 c4 18. Bd2 Bc2 19. Rc1 Ra2 20. Bg2 Nxd2 21. Kxd2
Be4+ 22. Ke1 Bxg2 23. Nxg2 Nxd5 24. Nf4 Nxf4 25. gxf4 Kd7 26. Kf1 Rha8 27. Kg2
Re2 28. Rb1 Kc6 29. Rb4 b5 30. Rhb1 Ra5 31. R1b2 Rxb2 32. Rxb2 Ra3 33. Rc2 Kc5
34. Kf3 b4 35. cxb4+ Kxb4 36. Ke2 Kb3 37. Kd2 Ra2 38. Rxa2 Kxa2 39. Kc3 d5 40.
f3 Ka3 41. e4 e6 42. h3 Ka4 43. h4 h5 44. Kc2 d4 45. e5 Kb4 46. Kb2 c3+ 47. Kc2
Kc4 0-1

[Event "Championship Moscow 2019"]
[Site "Moscow]
[Date "2019.04.02"]
[Round "4.15"]
[White "Dorofeeva, Nyurguiaana"]
[Black "Zakharova, Oksana"]
[Result "1/2-1/2"]
[WhiteElo "1879"]
[BlackElo "1751"]
[PlyCount "140"]
[EventDate "2019.03.30"]

1. Nf3 Nf6 2. d4 e6 3. g3 d5 4. Bg2 c5 5. e3 Nc6 6. O-O Bd6 7. b3 O-O 8. Bb2 b6
9. Nbd2 Ba6 10. Re1 Rc8 11. dxc5 Bxc5 12. Ne5 Nxe5 13. Bxe5 Bb4 14. Bf1 Bb7 15.
a3 Bc3 16. Bxc3 Rxc3 17. Rc1 Qe7 18. Nb1 Rc7 19. Bg2 Rfc8 20. Qe2 e5 21. Red1
h6 22. c4 dxc4 23. Bxb7 Rxb7 24. Rxc4 Rxc4 25. Qxc4 Rc7 26. Qa4 Rc2 27. b4 Qc7
28. Nd2 Qc3 29. Qb3 Qxb3 30. Nxb3 Ra2 31. Ra1 Rb2 32. Nc1 e4 33. Ra2 Rb1 34.
Rc2 Ra1 35. Rc8+ Kh7 36. Kg2 Rxa3 37. b5 Ra5 38. Rc7 Rxb5 39. Rxa7 Kg6 40. Ne2
Rb2 41. Nf4+ Kh7 42. h3 Rd2 43. Rxf7 Rd7 44. Rf8 Rb7 45. Rd8 b5 46. Ne6 Kg6 47.
Nc5 Rc7 48. Nb3 Rb7 49. g4 Kf7 50. f3 Ke7 51. Rd4 exf3+ 52. Kxf3 Rb8 53. Kf4
Rc8 54. Rd3 b4 55. e4 Rc3 56. Re3 g5+ 57. Kf3 Ke6 58. Nd2 Ke5 59. Ke2 Kf4 60.
Rd3 Rxd3 61. Kxd3 b3 62. e5 Kxe5 63. Nxb3 Kf4 64. Nd4 Kg3 65. Nf5+ Kxh3 66.
Nxh6 Nxg4 67. Nf7 Nf2+ 68. Ke2 g4 69. Kxf2 Kh2 70. Ng5 g3+ 1/2-1/2

[Event "Championship Moscow 2019"]
[Site "Moscow]
[Date "2019.04.02"]
[Round "4.16"]
[White "Krupnova, Anna"]
[Black "Khachatryan, Marieta"]
[Result "0-1"]
[WhiteElo "1729"]
[BlackElo "1856"]
[PlyCount "64"]
[EventDate "2019.03.30"]

1. d4 d5 2. c4 dxc4 3. Nf3 Nf6 4. e3 e6 5. Bxc4 c5 6. O-O a6 7. a4 Qc7 8. Qe2
Be7 9. Nc3 Nbd7 10. a5 O-O 11. Rd1 cxd4 12. exd4 Bb4 13. Ng5 Re8 14. d5 Nf8 15.
Nce4 Nxd5 16. Bxd5 exd5 17. Nf6+ gxf6 18. Qxe8 fxg5 19. Rxd5 h6 20. Be3 Qc6 21.
Qe5 Ng6 22. Rd8+ Bf8 23. Qd4 Bh3 24. f3 Rxd8 25. Qxd8 Bxg2 26. Rc1 Qxf3 27. Qd2
Bh3 28. Qf2 Qd5 29. Qg3 Be6 30. Kf2 Ne5 31. Rc3 Ng4+ 32. Ke1 Bb4 0-1

[Event "Championship Moscow 2019"]
[Site "Moscow]
[Date "2019.04.02"]
[Round "4.17"]
[White "Soblirova, Sabina"]
[Black "Zakharova, Anna"]
[Result "1-0"]
[WhiteElo "1516"]
[BlackElo "1820"]
[PlyCount "97"]
[EventDate "2019.03.30"]

1. d4 d5 2. c4 e6 3. Nf3 c6 4. g3 Nf6 5. Bg2 Be7 6. O-O O-O 7. Qc2 b6 8. Nbd2
Bb7 9. e4 Nbd7 10. cxd5 cxd5 11. e5 Ne8 12. Rd1 Rc8 13. Qa4 a6 14. Nf1 b5 15.
Qb3 Nb6 16. Ne3 Bc6 17. Bf1 b4 18. Qd3 Nc7 19. b3 Qd7 20. a4 bxa3 21. Bxa3 Bb5
22. Qb1 Bxa3 23. Rxa3 Qe7 24. b4 Nc4 25. Nxc4 dxc4 26. h4 Nd5 27. Ng5 g6 28.
Ne4 Qxb4 29. Qc1 Qe7 30. Rf3 f5 31. Nd6 Rc7 32. h5 g5 33. g4 fxg4 34. Rg3 Rf4
35. Be2 h6 36. Bxg4 c3 37. Bf3 c2 38. Rd2 Nb4 39. Rxc2 Rxc2 40. Qxf4 Qg7 41.
Qe3 Qc7 42. Bg4 Rc1+ 43. Kh2 Bd7 44. Qe4 Qc2 45. Bxe6+ Bxe6 46. Qa8+ Kg7 47.
Rf3 Bc8 48. Qa7+ Qc7 49. Rf7+ 1-0

[Event "Championship Moscow 2019"]
[Site "Moscow]
[Date "2019.04.02"]
[Round "4.18"]
[White "Dunayskaya, Dominika"]
[Black "Sayafarova, Anna"]
[Result "0-1"]
[WhiteElo "1222"]
[BlackElo "1794"]
[PlyCount "78"]
[EventDate "2019.03.30"]

1. e4 e5 2. Nf3 Nc6 3. Bb5 a6 4. Bxc6 dxc6 5. O-O f6 6. d4 exd4 7. Qxd4 Qxd4 8.
Nxd4 Bd7 9. Nc3 O-O-O 10. Be3 Ne7 11. f4 Ng6 12. a3 Bd6 13. g3 Rhe8 14. Nf3 c5
15. Bf2 Bc6 16. Rfe1 h6 17. Rad1 Bf8 18. Rd3 b5 19. Rde3 b4 20. Nb1 Kb7 21. c3
a5 22. c4 Rd7 23. Nbd2 Red8 24. Nb3 Kb6 25. Nbd2 Rxd2 26. Nxd2 Rxd2 27. axb4
Rxb2 28. bxa5+ Kxa5 29. Rc3 Kb4 30. Rcc1 Ba4 31. Rb1 Rxb1 32. Rxb1+ Kxc4 33.
Rc1+ Kb5 34. Rb1+ Kc6 35. Rb8 c4 36. f5 c3 37. Rb1 c2 38. Rc1 Ne5 39. Kg2 Ba3
0-1

[Event "Championship Moscow 2019"]
[Site "Moscow]
[Date "2019.04.02"]
[Round "4.19"]
[White "Kruglikova, Viktorija"]
[Black "Gaer, Margarita"]
[Result "1-0"]
[WhiteElo "1786"]
[BlackElo "1627"]
[PlyCount "107"]
[EventDate "2019.03.30"]

1. e4 e6 2. d4 d5 3. e5 c5 4. c3 Nc6 5. Nf3 Qb6 6. a3 c4 7. g3 Na5 8. Nbd2 Ne7
9. Bh3 Bd7 10. O-O Qc7 11. Re1 Nc8 12. Rb1 Nb6 13. Nf1 O-O-O 14. Be3 Ba4 15.
Qe2 Bb3 16. g4 Na4 17. Rbc1 Qb6 18. Ng3 Ba2 19. Ra1 Bb3 20. Ng5 Rd7 21. f4 h6
22. Nf3 Be7 23. Bg2 Kb8 24. f5 Bd8 25. h4 Qc6 26. Bf4 Nb6 27. Nh5 Rg8 28. f6 g6
29. Ng7 Rh8 30. Qd2 h5 31. gxh5 gxh5 32. Ng5 Ba4 33. Qe2 Bb5 34. Bf3 Nb3 35.
Rad1 Na4 36. Bxh5 Nxd4 37. Rxd4 Bb6 38. Be3 Bxd4 39. Bxd4 Rf8 40. Rf1 Nc5 41.
Bxc5 Qxc5+ 42. Qf2 Qc7 43. Qd4 b6 44. Kf2 Qc6 45. Ke3 Rb7 46. Rg1 Qc8 47. Kd2
Qc6 48. Qg4 Qc8 49. Bxf7 Rbxf7 50. Nxf7 Rxf7 51. Qxe6 Qc5 52. Rg2 Qf8 53. Nf5
Rd7 54. Rg8 1-0

[Event "Championship Moscow 2019"]
[Site "Moscow]
[Date "2019.04.02"]
[Round "4.20"]
[White "Chagina, Ulyana"]
[Black "Zaytseva, Dariya"]
[Result "0-1"]
[WhiteElo "1739"]
[BlackElo "1350"]
[PlyCount "102"]
[EventDate "2019.03.30"]

1. d4 Nf6 2. Nf3 e6 3. e3 b6 4. c4 Bb7 5. Nc3 Be7 6. Bd3 O-O 7. O-O d5 8. b3
Nbd7 9. Bb2 c5 10. cxd5 Nxd5 11. Nxd5 Bxd5 12. Ne5 Nxe5 13. dxe5 Qc7 14. Rc1
Qb7 15. Qg4 Rad8 16. Bb1 h6 17. Rfd1 Bc6 18. Bc3 Rd7 19. Rxd7 Qxd7 20. Rd1 Qc7
21. f4 Rd8 22. Rxd8+ Qxd8 23. f5 exf5 24. Bxf5 Bg5 25. Kf2 Qf8 26. h4 Be7 27.
Ke1 Bb5 28. g3 a5 29. e6 fxe6 30. Bxe6+ Kh8 31. Bf5 Bf6 32. Bxf6 Qxf6 33. Qg6
Qxg6 34. Bxg6 Kg8 35. Kd2 Kf8 36. h5 Ke7 37. a4 Ba6 38. Be4 Kd6 39. Kc3 b5 40.
Bd3 b4+ 41. Kd2 Bb7 42. e4 Bc8 43. Ke3 Ke5 44. Kf3 Be6 45. Bc2 c4 46. bxc4 Bxc4
47. Ke3 Ba2 48. Kd2 b3 49. Bd3 b2 50. Ke3 b1=Q 51. Bxb1 Bxb1 0-1

[Event "Championship Moscow 2019"]
[Site "Moscow]
[Date "2019.04.02"]
[Round "4.21"]
[White "Komarova, Viktoria"]
[Black "Shevtsova, Stefania"]
[Result "1/2-1/2"]
[WhiteElo "1567"]
[BlackElo "1684"]
[PlyCount "81"]
[EventDate "2019.03.30"]

1. d4 d5 2. c4 c6 3. cxd5 cxd5 4. Bf4 Nc6 5. e3 Nf6 6. Nc3 a6 7. Bd3 Bg4 8.
Nge2 e6 9. O-O Be7 10. h3 Bh5 11. Rc1 O-O 12. a3 Rc8 13. Na4 b5 14. Nc5 Bxc5
15. Rxc5 Na5 16. Rxc8 Qxc8 17. Bd6 Rd8 18. Bb4 Nc4 19. b3 Nd6 20. Qc1 Qd7 21.
f3 Rc8 22. Qd2 Bg6 23. Bxg6 hxg6 24. Rc1 Nf5 25. Kf2 Rc6 26. Rxc6 Qxc6 27. Qc1
Qxc1 28. Nxc1 Nd7 29. Nd3 f6 30. Nc5 Nxc5 31. Bxc5 Kf7 32. e4 Ne7 33. Bxe7 Kxe7
34. exd5 exd5 35. Ke3 Ke6 36. Kf4 g5+ 37. Ke3 g6 38. g4 b4 39. a4 f5 40. Kd3
Kf6 41. Ke3 1/2-1/2

[Event "Championship Moscow 2019"]
[Site "Moscow]
[Date "2019.04.02"]
[Round "4.22"]
[White "Petrova, Elizaveta"]
[Black "Khachatryan, Nadezhda"]
[Result "0-1"]
[WhiteElo "1403"]
[BlackElo "1738"]
[PlyCount "108"]
[EventDate "2019.03.30"]

1. d4 d5 2. c4 dxc4 3. Nf3 Nf6 4. Bf4 a6 5. a4 e6 6. Nc3 Bb4 7. Bd2 O-O 8. e3
Bxc3 9. Bxc3 Qd5 10. Qe2 b5 11. Nd2 Bb7 12. axb5 axb5 13. Rxa8 Bxa8 14. f3 Qb7
15. Bb4 Re8 16. e4 Nc6 17. Bc5 Nd7 18. Qe3 Nxc5 19. dxc5 Qa7 20. Kf2 Nb4 21.
Kg3 Na6 22. h4 Qxc5 23. Qc3 Rd8 24. Qa5 Bb7 25. Kh3 Qf2 26. Nb1 Qxb2 27. Na3
Ra8 28. Qxb5 Qxa3 29. Qxb7 Nc5 30. Qb1 c3 31. Bc4 Qb2 32. Qg1 c2 33. Qxc5 c1=Q
34. Rxc1 Qxc1 35. Qxc7 h6 36. Qc6 Ra1 37. Qe8+ Kh7 38. Bd3 Qf4 39. e5+ g6 40.
Bxg6+ fxg6 41. Qe7+ Kh8 42. Qd8+ Kg7 43. Qd7+ Qf7 44. Qd4 Ra7 45. Kg3 Rd7 46.
Qa4 Rd5 47. Qc4 g5 48. hxg5 hxg5 49. Kf2 Qf4 50. Qc7+ Kg6 51. Qe7 Rd2+ 52. Kf1
Rd1+ 53. Kf2 Qd4+ 54. Kg3 Qh4# 0-1

[Event "Championship Moscow 2019"]
[Site "Moscow]
[Date "2019.04.02"]
[Round "4.23"]
[White "Zvereva, Margarita"]
[Black "Eremina, Viktoria"]
[Result "1-0"]
[WhiteElo "1853"]
[BlackElo "1456"]
[PlyCount "61"]
[EventDate "2019.03.30"]

1. e4 c6 2. d4 d5 3. e5 c5 4. dxc5 Nc6 5. a3 Nxe5 6. Bb5+ Nc6 7. b4 Bf5 8. Bb2
e6 9. Nf3 a6 10. Ba4 Nf6 11. Nd4 Bg4 12. f3 Ne4 13. O-O Nxc5 14. Nxc6 Qb6 15.
Bd4 bxc6 16. fxg4 a5 17. bxc5 Bxc5 18. Bxc5 Qxc5+ 19. Kh1 O-O 20. Nd2 Rfc8 21.
Nf3 Qc4 22. Qd4 Qa6 23. c3 c5 24. Qf4 f6 25. g5 e5 26. Qd2 Qc4 27. Bd7 Rd8 28.
Be6+ Kh8 29. gxf6 gxf6 30. Qh6 Rf8 31. Nxe5 1-0

[Event "Championship Moscow 2019"]
[Site "Moscow]
[Date "2019.04.03"]
[Round "5.3"]
[White "Ivanov, Oleg V"]
[Black "Afanasiev, Nikita"]
[Result "1/2-1/2"]
[WhiteElo "2441"]
[BlackElo "2527"]
[PlyCount "105"]
[EventDate "2019.??.??"]
[WhiteClock "0:03:53"]
[BlackClock "0:01:32"]

1. e4 c6 2. d4 d5 3. Nc3 dxe4 4. Nxe4 Nf6 5. Nxf6+ exf6 6. c3 Bd6 7. Bd3 O-O 8.
Qc2 Re8+ 9. Ne2 h5 10. O-O Qc7 11. h3 Nd7 12. Re1 Nf8 13. Be3 Bd7 14. c4 b6 15.
a3 a5 16. Rad1 Re7 17. Bd2 Qb7 18. Ng3 Rxe1+ 19. Rxe1 h4 20. Nf5 Bxf5 21. Bxf5
Qc7 22. Qe4 g6 23. Qg4 Rd8 24. Bc2 Be5 25. Be3 f5 26. Qxh4 Bg7 27. Rd1 Ne6 28.
d5 cxd5 29. cxd5 Qxc2 30. Rc1 Qxc1+ 31. Bxc1 Rxd5 32. Qc4 Rc5 33. Qf1 f4 34.
Qd1 a4 35. Bd2 Bxb2 36. Qxa4 Bd4 37. h4 Rh5 38. Qa8+ Kg7 39. Qf3 Rxh4 40. Bc3
Rh5 41. Bxd4+ Nxd4 42. Qe4 Ne6 43. a4 Ra5 44. Qb4 Kg8 45. Kf1 Kg7 46. Ke2 Kg8
47. Kd1 Kg7 48. Kc2 Kg8 49. Kb1 Kg7 50. Qc3+ Kg8 51. Qb4 Kg7 52. Qc3+ Kh7 53.
Qb4 1/2-1/2

[Event "Championship Moscow 2019"]
[Site "Moscow]
[Date "2019.04.03"]
[Round "5.5"]
[White "Gubajdullin, Alexei"]
[Black "Golubov, Saveliy"]
[Result "0-1"]
[WhiteElo "2344"]
[BlackElo "2460"]
[PlyCount "90"]
[EventDate "2019.??.??"]
[WhiteClock "0:09:03"]
[BlackClock "0:01:54"]

1. d4 Nf6 2. Bf4 d5 3. e3 e6 4. Nd2 c5 5. c3 Bd6 6. Bxd6 Qxd6 7. f4 cxd4 8.
cxd4 O-O 9. Bd3 b6 10. Qe2 Bb7 11. Ngf3 Nc6 12. a3 Ne7 13. Ng5 Rfc8 14. Ndf3 h6
15. Ne5 hxg5 16. fxg5 Nd7 17. Bh7+ Kf8 18. Nxf7 Kxf7 19. Qh5+ g6 20. Bxg6+ Nxg6
21. O-O+ Ke7 22. Qxg6 Kd8 23. Rac1 Rc4 24. Qh7 Qe7 25. Qh5 Kc7 26. b3 Rc6 27.
Qg4 Rg8 28. h4 e5 29. Qg3 Qd6 30. Qg4 Rxc1 31. Rxc1+ Kd8 32. b4 Ba6 33. h5 Bd3
34. Rc3 Be4 35. b5 Qe7 36. g6 exd4 37. Rc6 Bxg6 38. exd4 Qe3+ 39. Kh2 Bf7 40.
Qh4+ Qg5 41. Qxg5+ Rxg5 42. h6 Bg6 43. g4 Rxg4 44. Kh3 Bf5 45. h7 Rxd4+ 0-1

[Event "Championship Moscow 2019"]
[Site "Moscow]
[Date "2019.04.03"]
[Round "5.6"]
[White "Kozionov, Kirill"]
[Black "Smirnov, Timofey"]
[Result "1-0"]
[WhiteElo "2441"]
[BlackElo "2345"]
[PlyCount "139"]
[EventDate "2019.??.??"]
[WhiteClock "0:09:40"]
[BlackClock "0:01:02"]

1. d4 d5 2. c4 c6 3. Nf3 Nf6 4. g3 g6 5. Bg2 Bg7 6. cxd5 cxd5 7. Nc3 O-O 8. Ne5
e6 9. O-O Nfd7 10. Nf3 Nc6 11. Bf4 a6 12. Rc1 Nb6 13. b3 Bd7 14. Qd2 Ne7 15.
Bd6 Bc6 16. Ba3 Re8 17. e3 Nd7 18. Rc2 a5 19. Qd3 Qb6 20. Rfc1 Nf5 21. Na4 Qc7
22. Nc5 Nxc5 23. Bxc5 f6 24. a4 Rac8 25. Ba3 Nd6 26. Nd2 Qd7 27. Nb1 Ne4 28.
Nc3 Nxc3 29. Rxc3 Bf8 30. Bxf8 Rxf8 31. Qc2 Qd6 32. Bf1 Bd7 33. Rc5 Qb6 34. Bb5
Rxc5 35. Qxc5 Qxc5 36. Rxc5 Rf7 37. Be2 Bc6 38. Rxa5 Kf8 39. Rc5 Ke7 40. Kf1
Kd6 41. Ke1 e5 42. Kd2 g5 43. a5 f5 44. f4 gxf4 45. gxf4 exf4 46. exf4 Rg7 47.
b4 Rg2 48. h4 Rh2 49. Ke3 Be8 50. Bf3 Bf7 51. b5 Ra2 52. a6 bxa6 53. Rc6+ Kd7
54. Rxa6 Rb2 55. Be2 Rb3+ 56. Bd3 Ke7 57. Ra7+ Kf6 58. Kd2 Be8 59. Kc2 Rxd3 60.
Kxd3 Bxb5+ 61. Kc3 Kg6 62. Kb4 Bd3 63. Kc5 Be4 64. Kd6 h6 65. Ke5 Kh5 66. Ra6
Kxh4 67. Rxh6+ Kg4 68. Rf6 Bd3 69. Rg6+ Kf3 70. Rg5 {Ke4+ Kxe4} 1-0